000 00463nam a22001697a 4500
005 20240821143001.0
008 240821b |||||||| |||| 00| 0 eng d
020 _a9781119520061
082 _a004.167
_bSPI-I
100 _aSpivey, Dwight
245 _aIphone for Seniors for Dummies /
_cDwight Spivey
260 _aUSA:
_bWiley;
_c2019.
300 _axxii, 440 p. :
_bill;
_c27 cm.
500 _ainclude index.
650 _aMobile application
999 _c36443
_d36443